[Event "Terre degli Elimi op 6th"]
[Site "Erice"]
[Date "2015.07.31"]
[Round "5"]
[White "Libiszewski, Fabien"]
[Black "Nedostup, Daniil"]
[Result "1-0"]
[WhiteElo "2543"]
[BlackElo "2223"]
[PlyCount "69"]
[EventDate "2015.07.28"]
[EventType "swiss"]
[EventRounds "9"]
[EventCountry "ITA"]
[SourceTitle "EXT 2017"]
[Source "ChessBase"]
[SourceDate "2016.10.25"]
[SourceVersion "1"]
[SourceVersionDate "2016.10.25"]
[SourceQuality "1"]

1. e4 e6 2. d4 d5 3. Nc3 Bb4 4. exd5 exd5 5. Bd3 c6 6. Nge2 Ne7 7. Ng3 Qb6 8. a3 Bd6 9. 0-0 Na6 10. Nce2 Bd7 11. b3 0-0-0 12. c4 dxc4 13. bxc4 c5 14. Rb1 Qc7 15. d5 h5 16. Qb3 b6 17. h4 f5 18. Bg5 Rdf8 19. f4 Ng8 20. Nc3 g6 21. Nb5 Bxb5 22. Qxb5 Kb7 23. Rbe1 Nf6 24. Re6 Nh7 25. Qc6+ Qxc6 26. dxc6+ Kc7 27. Rxg6 Nxg5 28. hxg5 Rd8 29. Nxf5 Bxf4 30. Rg7+ Kb8 31. Rb7+ Ka8 32. Rxf4 Rxd3 33. g6 Nb8 34. g7 Re8 35. Re7 1-0

[Event "Terre degli Elimi op 6th"]
[Site "Erice"]
[Date "2015.07.28"]
[Round "1"]
[White "Penalver, Marion"]
[Black "Nedostup, Daniil"]
[Result "0-1"]
[WhiteElo "1975"]
[BlackElo "2223"]
[PlyCount "50"]
[EventDate "2015.07.28"]
[EventType "swiss"]
[EventRounds "9"]
[EventCountry "ITA"]
[SourceTitle "EXT 2017"]
[Source "ChessBase"]
[SourceDate "2016.10.25"]
[SourceVersion "1"]
[SourceVersionDate "2016.10.25"]
[SourceQuality "1"]

1. e4 e6 2. d4 d5 3. Nd2 Nc6 4. c3 e5 5. exd5 Qxd5 6. Ngf3 exd4 7. Bc4 Qf5 8. cxd4 Be6 9. 0-0 0-0-0 10. Qa4 Kb8 11. Bxe6 fxe6 12. Qc4 Nf6 13. Re1 Nd5 14. Nb3 Bb4 15. Re2 Rhf8 16. Be3 Qh5 17. Nc5 Bxc5 18. Qxc5 Rxf3 19. gxf3 Qxf3 20. Rae1 Rf8 21. Qc1 Rf6 22. Qd2 Qh3 23. Kh1 Rg6 24. Bg5 Qf3+ 25. Kg1 Nf4 0-1

[Event "Jastrzebskie op"]
[Site "Ustron"]
[Date "2013.08.28"]
[Round "7"]
[White "Nedostup, Daniil"]
[Black "Kareva, Natalia"]
[Result "1-0"]
[WhiteElo "2193"]
[BlackElo "2099"]
[PlyCount "67"]
[EventDate "2013.08.25"]
[EventType "swiss"]
[EventRounds "7"]
[EventCountry "POL"]
[SourceTitle "CBM 156 Extra"]
[Source "ChessBase"]
[SourceDate "2013.10.22"]
[SourceVersion "1"]
[SourceVersionDate "2013.10.22"]
[SourceQuality "1"]

1. e4 e6 2. d4 d5 3. e5 c5 4. c3 Nc6 5. Nf3 Qb6 6. Be2 Nh6 7. Bxh6 gxh6 8. Qd2 Bd7 9. 0-0 Rg8 10. dxc5 Qc7 11. Re1 0-0-0 12. Bd3 Bg7 13. Qe3 f5 14. Na3 a6 15. b4 d4 16. cxd4 Nxb4 17. Bc4 Qc6 18. Qb3 a5 19. Nb5 Kb8 20. a3 Na6 21. Nd6 Nc7 22. Rab1 Bc8 23. Qb6 Qxb6 24. Rxb6 Bf8 25. Nxb7 Bxb7 26. Reb1 Rg7 27. Rxb7+ Ka8 28. R7b6 Re7 29. Bb3 Ka7 30. Bc4 Ka8 31. Bb5 Ka7 32. Bc6 Nd5 33. R6b5 Ka6 34. Bb7+ 1-0

[Event "Jastrzebskie op"]
[Site "Ustron"]
[Date "2013.08.27"]
[Round "5"]
[White "Nedostup, Daniil"]
[Black "Kislinsky, Alexey"]
[Result "1/2-1/2"]
[WhiteElo "2193"]
[BlackElo "2521"]
[PlyCount "107"]
[EventDate "2013.08.25"]
[EventType "swiss"]
[EventRounds "7"]
[EventCountry "POL"]
[SourceTitle "CBM 156 Extra"]
[Source "ChessBase"]
[SourceDate "2013.10.22"]
[SourceVersion "1"]
[SourceVersionDate "2013.10.22"]
[SourceQuality "1"]

1. e4 c5 2. c3 Nf6 3. e5 Nd5 4. d4 cxd4 5. cxd4 d6 6. Bc4 Nb6 7. Bb5+ Bd7 8. e6 Bxb5 9. Qh5 Qc8 10. Qxb5+ Qc6 11. exf7+ Kd8 12. Nc3 Qxb5 13. Nxb5 Nc6 14. Nf3 g6 15. h4 Bg7 16. h5 a6 17. Nc3 Kd7 18. Be3 Nc4 19. Ke2 Rhf8 20. hxg6 hxg6 21. Rh7 Rxf7 22. b3 Nxe3 23. fxe3 Raf8 24. Ne4 Bf6 25. Rah1 Nb4 26. a3 Nd5 27. g4 g5 28. Rxf7 Rxf7 29. Rh5 Rf8 30. Nfxg5 Bxg5 31. Rxg5 Nc7 32. Rh5 b6 33. g5 Ne6 34. Rh7 Ke8 35. d5 Nd8 36. g6 Rg8 37. Rh6 Kf8 38. Kf3 Kg7 39. Rh7+ Kf8 40. Rh6 Kg7 41. Rh7+ Kf8 42. Kf4 Rxg6 43. Kf5 Rg8 44. Ng5 Ke8 45. Ne6 Kd7 46. Nd4 Rf8+ 47. Ke4 Rf6 48. Rg7 Nf7 49. Nf5 b5 50. b4 Kd8 51. Rg8+ Kd7 52. Rg7 e6 53. Nh6 Rxh6 54. Kf4 1/2-1/2

[Event "St Petersburg"]
[Site "St Petersburg"]
[Date "2013.03.23"]
[Round "8"]
[White "Dolzhikova, Kateryna"]
[Black "Nedostup, Daniil"]
[Result "1-0"]
[WhiteElo "2309"]
[BlackElo "2191"]
[PlyCount "137"]
[EventDate "2013.03.18"]
[EventType "tourn"]
[EventRounds "9"]
[EventCountry "RUS"]
[EventCategory "2"]
[SourceTitle "EXT 2014"]
[Source "ChessBase"]
[SourceDate "2013.11.20"]
[SourceVersion "1"]
[SourceVersionDate "2013.11.20"]
[SourceQuality "1"]

1. e4 e6 2. d4 d5 3. Nd2 c5 4. Ngf3 cxd4 5. Nxd4 Nc6 6. Bb5 Bd7 7. Nxc6 Bxc6 8. Bxc6+ bxc6 9. c4 Nf6 10. Qa4 Qc7 11. exd5 exd5 12. 0-0 Be7 13. cxd5 Nxd5 14. Nf3 0-0 15. Bd2 Bf6 16. Rab1 Rab8 17. Qc2 h6 18. b4 Qd6 19. a3 Rfe8 20. Rfc1 Re6 21. Qd3 Rd8 22. Rc5 Nf4 23. Qxd6 Rexd6 24. Rc2 Ne6 25. Kf1 g5 26. Be3 Rd1+ 27. Rxd1 Rxd1+ 28. Ke2 Ra1 29. Rxc6 Rxa3 30. b5 Rb3 31. Rc8+ Kg7 32. Rb8 Nc7 33. Nd4 Bxd4 34. Bxd4+ Kg6 35. g4 Nxb5 36. Rg8+ Kh7 37. Rg7+ Kh8 38. Be5 Nc3+ 39. Kf1 a5 40. Rxg5+ Kh7 41. Rg7+ Kh8 42. Rxf7+ Kg8 43. Rg7+ Kf8 44. Ra7 Ne4 45. Rxa5 Kf7 46. Kg2 Kg6 47. Bf4 Ng5 48. Ra6+ Kg7 49. Be5+ Kh7 50. Ra7+ Kg8 51. Rg7+ Kf8 52. Rg6 Rb5 53. Bf4 Kf7 54. Rxh6 Rb4 55. Kg3 Ne4+ 56. Kf3 Nxf2 57. Kxf2 Rxf4+ 58. Kg3 Ra4 59. Rb6 Kg7 60. Kh4 Ra5 61. g5 Ra2 62. h3 Ra3 63. Kg4 Ra4+ 64. Kh5 Ra7 65. h4 Rc7 66. Rb5 Ra7 67. Rb4 Rc7 68. Kg4 Rc1 69. Rb7+ 1-0

[Event "St Petersburg"]
[Site "St Petersburg"]
[Date "2013.03.21"]
[Round "5"]
[White "Nedostup, Daniil"]
[Black "Shkuran, Danylo"]
[Result "0-1"]
[WhiteElo "2191"]
[BlackElo "2381"]
[PlyCount "54"]
[EventDate "2013.03.18"]
[EventType "tourn"]
[EventRounds "9"]
[EventCountry "RUS"]
[EventCategory "2"]
[SourceTitle "EXT 2014"]
[Source "ChessBase"]
[SourceDate "2013.11.20"]
[SourceVersion "1"]
[SourceVersionDate "2013.11.20"]
[SourceQuality "1"]

1. e4 c5 2. c3 d6 3. d4 Nf6 4. f3 Qc7 5. Be3 e6 6. Bd3 Nc6 7. Ne2 d5 8. e5 Nd7 9. a3 Qb6 10. Qc1 Na5 11. Nd2 c4 12. Bc2 Nxe5 13. 0-0 Nd3 14. Bxd3 cxd3 15. Nf4 Nc4 16. Qe1 Qxb2 17. Nxc4 dxc4 18. d5 e5 19. Bd4 f6 20. a4 Kf7 21. Rf2 Qb3 22. Raa2 exd4 23. Rfb2 d2 24. Rxd2 Qxc3 25. Qh4 Bc5 26. h3 d3+ 27. Kh2 Qe5 0-1

[Event "St Petersburg-ch sf"]
[Site "St Petersburg"]
[Date "2013.01.29"]
[Round "4"]
[White "Nedostup, Daniil"]
[Black "Martynov, Pavel"]
[Result "0-1"]
[WhiteElo "2180"]
[BlackElo "2298"]
[PlyCount "75"]
[EventDate "2013.01.26"]
[EventType "swiss"]
[EventRounds "9"]
[EventCountry "RUS"]
[SourceTitle "CBM 152 Extra"]
[Source "ChessBase"]
[SourceDate "2013.02.25"]
[SourceVersion "1"]
[SourceVersionDate "2013.02.25"]
[SourceQuality "1"]

1. e4 e6 2. d4 d5 3. Nc3 Bb4 4. e5 c5 5. a3 Bxc3+ 6. bxc3 Qa5 7. Bd2 Qa4 8. Qb1 c4 9. g3 Nc6 10. h4 Bd7 11. Bh3 0-0-0 12. Ne2 f5 13. Nf4 Nge7 14. Be3 g6 15. Kd2 h6 16. Ne2 Kb8 17. Qc1 Rh7 18. g4 fxg4 19. Bxg4 Rf8 20. Nf4 Nd8 21. Ke2 Bc8 22. Qd2 Qe8 23. Rag1 Qf7 24. Rg3 Bd7 25. Rhg1 Be8 26. Ke1 Rg8 27. Nh3 Nf5 28. Rf3 Qe7 29. Bxf5 exf5 30. Bxh6 Nf7 31. Bf4 Ka8 32. Bg3 Qxa3 33. Kf1 g5 34. e6 g4 35. Qf4 Ba4 36. exf7 Rxf7 37. Re3 gxh3 38. Bh2 0-1

[Event "Arber op 1st"]
[Site "Bayerisch Eisenstein"]
[Date "2012.08.22"]
[Round "5"]
[White "Petran, Peter"]
[Black "Nedostup, Daniil"]
[Result "0-1"]
[WhiteElo "2223"]
[BlackElo "2219"]
[PlyCount "68"]
[EventDate "2012.08.18"]
[EventType "swiss"]
[EventRounds "9"]
[EventCountry "GER"]
[SourceTitle "CBM 150 Extra"]
[Source "ChessBase"]
[SourceDate "2012.10.19"]
[SourceVersion "1"]
[SourceVersionDate "2012.10.19"]
[SourceQuality "1"]

1. c4 e6 2. Nf3 d5 3. b3 Nf6 4. Bb2 a5 5. g3 a4 6. cxd5 exd5 7. Bg2 a3 8. Bxf6 Qxf6 9. d4 Bb4+ 10. Nbd2 Nc6 11. Rc1 0-0 12. 0-0 Nxd4 13. e3 Nb5 14. Nb1 c6 15. Nd4 Nxd4 16. exd4 Bf5 17. Nc3 Rfe8 18. h3 Qg6 19. Qf3 Bd3 20. Rfd1 Ba6 21. Bf1 Bxf1 22. Kxf1 Re7 23. Ne2 Rae8 24. Nf4 Qe4 25. Qxe4 Rxe4 26. Rc2 Re1+ 27. Rxe1 Rxe1+ 28. Kg2 Ra1 29. Ne2 Rb1 30. Nc1 Rb2 31. Re2 Kf8 32. Kf3 Bd2 33. Nd3 Rxa2 34. Ne5 g6 0-1

[Event "Arber op 1st"]
[Site "Bayerisch Eisenstein"]
[Date "2012.08.21"]
[Round "4"]
[White "Nedostup, Daniil"]
[Black "Fleuch, Hans Juergen"]
[Result "1-0"]
[WhiteElo "2219"]
[BlackElo "1949"]
[PlyCount "85"]
[EventDate "2012.08.18"]
[EventType "swiss"]
[EventRounds "9"]
[EventCountry "GER"]
[SourceTitle "CBM 150 Extra"]
[Source "ChessBase"]
[SourceDate "2012.10.19"]
[SourceVersion "1"]
[SourceVersionDate "2012.10.19"]
[SourceQuality "1"]

1. e4 Nc6 2. Nf3 d6 3. d4 Nf6 4. d5 Nb8 5. Nc3 c5 6. Bc4 Nbd7 7. 0-0 Nb6 8. Be2 g6 9. Ne1 Bg7 10. f4 0-0 11. a4 a5 12. g4 e6 13. dxe6 fxe6 14. g5 Ne8 15. Be3 Qe7 16. Ng2 Bd7 17. Bd3 Bxc3 18. bxc3 Nxa4 19. f5 Nb2 20. Qb1 Nxd3 21. f6 Qd8 22. cxd3 Nc7 23. Qa2 Rf7 24. e5 dxe5 25. Bxc5 Bc6 26. Ne3 Qxd3 27. Ng4 h5 28. Nh6+ Kh7 29. Nxf7 Qe4 30. Qd2 Qh1+ 31. Kf2 Qxh2+ 32. Ke1 Qg3+ 33. Bf2 Qg2 34. Rg1 Qe4+ 35. Qe3 Qc2 36. Rc1 Qb2 37. Nxe5 Nd5 38. Qd2 Qa3 39. Nxc6 bxc6 40. c4 Rd8 41. cxd5 Rxd5 42. Qc3 Rf5 43. Qxa3 1-0

[Event "Arber op 1st"]
[Site "Bayerisch Eisenstein"]
[Date "2012.08.20"]
[Round "3"]
[White "Volodin, Aleksandr"]
[Black "Nedostup, Daniil"]
[Result "1-0"]
[WhiteElo "2564"]
[BlackElo "2219"]
[PlyCount "81"]
[EventDate "2012.08.18"]
[EventType "swiss"]
[EventRounds "9"]
[EventCountry "GER"]
[SourceTitle "CBM 150 Extra"]
[Source "ChessBase"]
[SourceDate "2012.10.19"]
[SourceVersion "1"]
[SourceVersionDate "2012.10.19"]
[SourceQuality "1"]

1. d4 e6 2. c4 Nf6 3. Nf3 d5 4. Nc3 c6 5. Qb3 dxc4 6. Qxc4 b5 7. Qb3 Nbd7 8. Bg5 Be7 9. e3 a6 10. Rd1 Qa5 11. Be2 c5 12. 0-0 0-0 13. Qc2 Bb7 14. Ne5 Nxe5 15. dxe5 Nd5 16. Bxe7 Nxe7 17. Rd7 Bc6 18. Rxe7 Qd8 19. Nd5 Qxd5 20. Bf3 Qd8 21. Qxc5 Bxf3 22. gxf3 Rc8 23. Qd6 Qa5 24. a3 Rc2 25. Rd1 Rxb2 26. Rd7 h6 27. Ra7 b4 28. Rxa6 Qb5 29. Ra7 g6 30. Re1 b3 31. Rd7 Re2 32. Rb1 b2 33. Kg2 Qb3 34. Rd8 Rxd8 35. Qxd8+ Kg7 36. Rd1 h5 37. Qf6+ Kh6 38. Qh8+ Kg5 39. h4+ Kxh4 40. Qf6+ g5 41. Rh1# 1-0

[Event "Liptovsky Mikulas CupT U20"]
[Site "Liptovsky Mikulas"]
[Date "2012.06.27"]
[Round "9.1"]
[White "Zemkova, Klara"]
[Black "Nedostup, Daniil"]
[Result "0-1"]
[WhiteElo "1628"]
[BlackElo "2131"]
[PlyCount "60"]
[EventDate "2012.06.22"]
[EventType "team-swiss"]
[EventRounds "9"]
[EventCountry "SVK"]
[SourceTitle "CBM 149 Extra"]
[Source "ChessBase"]
[SourceDate "2012.08.24"]
[SourceVersion "1"]
[SourceVersionDate "2012.08.24"]
[SourceQuality "1"]
[WhiteTeam "Beskydy Chess School"]
[BlackTeam "St Petersburg"]
[WhiteTeamCountry "CZE"]
[BlackTeamCountry "RUS"]

1. e4 e6 2. d4 d5 3. Nc3 Bb4 4. e5 c5 5. a3 Bxc3+ 6. bxc3 Qc7 7. Nf3 b6 8. Bd3 Ba6 9. Be3 Ne7 10. 0-0 h6 11. Rb1 Bxd3 12. cxd3 Nd7 13. dxc5 bxc5 14. d4 0-0 15. Qd2 Nf5 16. Rfe1 Nb6 17. Bf4 Nc4 18. Qc1 Qe7 19. Rb5 cxd4 20. cxd4 Nxa3 21. Rc5 Nc4 22. Bd2 a5 23. Qa1 Rfc8 24. Rb5 Qa7 25. Bc3 a4 26. g4 Ne7 27. Bb4 Qd7 28. Rc5 Rcb8 29. Rb1 Qb7 30. Qc3 a3 0-1

[Event "Liptovsky Mikulas CupT U20"]
[Site "Liptovsky Mikulas"]
[Date "2012.06.26"]
[Round "8.1"]
[White "Nedostup, Daniil"]
[Black "Gazik, Viktor"]
[Result "0-1"]
[WhiteElo "2131"]
[BlackElo "2055"]
[PlyCount "104"]
[EventDate "2012.06.22"]
[EventType "team-swiss"]
[EventRounds "9"]
[EventCountry "SVK"]
[SourceTitle "CBM 149 Extra"]
[Source "ChessBase"]
[SourceDate "2012.08.24"]
[SourceVersion "1"]
[SourceVersionDate "2012.08.24"]
[SourceQuality "1"]
[WhiteTeam "St Petersburg"]
[BlackTeam "Liptov Chess School II"]
[WhiteTeamCountry "RUS"]
[BlackTeamCountry "SVK"]

1. Nc3 Nf6 2. d4 d5 3. Bg5 g6 4. f3 Nc6 5. Qd2 Bg7 6. 0-0-0 h6 7. Bh4 0-0 8. e4 dxe4 9. fxe4 e5 10. d5 Nd4 11. h3 Re8 12. Nf3 Nxf3 13. gxf3 Nxe4 14. Bxd8 Nxd2 15. Bxc7 Nxf3 16. Bb5 Bf5 17. Bxe8 Rxe8 18. d6 Nd4 19. Nd5 Kf8 20. Ne7 Bd7 21. Rh2 Bf6 22. Rf2 Nf5 23. Ba5 Bg5+ 24. Bd2 Bxe7 25. dxe7+ Kxe7 26. Bb4+ Ke6 27. Rxf5 gxf5 28. Rd6+ Ke7 29. Rb6+ Kd8 30. Rxb7 a6 31. Bd6 Re6 32. Bb4 f4 33. Ba5+ Ke8 34. Rb8+ Ke7 35. Bd8+ Kd6 36. Rb6+ Kd5 37. Rb7 Rd6 38. Be7 f3 39. Rb3 Re6 40. Rd3+ Ke4 41. Bc5 Bb5 42. Re3+ Kf4 43. Rc3 Rg6 44. Kd1 Rg3 45. Be3+ Ke4 46. Bf2 Rxh3 47. Re3+ Kf4 48. a4 Rh1+ 49. Kd2 Rf1 50. Bh4 Bxa4 51. b3 Bb5 52. c4 Bc6 0-1

[Event "Liptovsky Mikulas CupT U20"]
[Site "Liptovsky Mikulas"]
[Date "2012.06.25"]
[Round "6.1"]
[White "Nedostup, Daniil"]
[Black "Wozniak, Mariola"]
[Result "1-0"]
[WhiteElo "2131"]
[BlackElo "1891"]
[PlyCount "61"]
[EventDate "2012.06.22"]
[EventType "team-swiss"]
[EventRounds "9"]
[EventCountry "SVK"]
[SourceTitle "CBM 149 Extra"]
[Source "ChessBase"]
[SourceDate "2012.08.24"]
[SourceVersion "1"]
[SourceVersionDate "2012.08.24"]
[SourceQuality "1"]
[WhiteTeam "St Petersburg"]
[BlackTeam "Krakow CC"]
[WhiteTeamCountry "RUS"]
[BlackTeamCountry "POL"]

1. e4 c5 2. c3 Nf6 3. e5 Nd5 4. d4 cxd4 5. cxd4 Nc6 6. Nc3 Nxc3 7. bxc3 d5 8. Bd3 e6 9. f4 Bd7 10. Nf3 Qc7 11. 0-0 Na5 12. Bd2 0-0-0 13. Ng5 f6 14. Nf7 Be7 15. Nxh8 Rxh8 16. Qe2 Kb8 17. f5 fxe5 18. dxe5 Bc5+ 19. Kh1 Re8 20. f6 g6 21. f7 Rc8 22. Qg4 Ka8 23. Bh6 Bf8 24. Bxf8 Rxf8 25. Qh4 Nc6 26. Rae1 Bc8 27. Qxh7 Nxe5 28. Qg7 Ng4 29. g3 Qd8 30. h3 Qd6 31. Kg2 1-0

[Event "Liptovsky Mikulas CupT U20"]
[Site "Liptovsky Mikulas"]
[Date "2012.06.23"]
[Round "2.1"]
[White "Nedostup, Daniil"]
[Black "Spacek, Oliver"]
[Result "1-0"]
[WhiteElo "2131"]
[BlackElo "1961"]
[PlyCount "75"]
[EventDate "2012.06.22"]
[EventType "team-swiss"]
[EventRounds "9"]
[EventCountry "SVK"]
[SourceTitle "CBM 149 Extra"]
[Source "ChessBase"]
[SourceDate "2012.08.24"]
[SourceVersion "1"]
[SourceVersionDate "2012.08.24"]
[SourceQuality "1"]
[WhiteTeam "St Petersburg"]
[BlackTeam "Osuske II"]
[WhiteTeamCountry "RUS"]
[BlackTeamCountry "SVK"]

1. e4 c5 2. c3 d5 3. exd5 Qxd5 4. d4 Nf6 5. Nf3 Bg4 6. dxc5 Qxd1+ 7. Kxd1 e5 8. b4 e4 9. h3 Bxf3+ 10. gxf3 exf3 11. Bb5+ Nc6 12. Re1+ Be7 13. Nd2 Nd5 14. Kc2 0-0 15. Nxf3 Bf6 16. Bb2 Nf4 17. Bf1 h6 18. Rad1 Rfd8 19. a3 a5 20. Rxd8+ Rxd8 21. Re4 Ng6 22. b5 Nce7 23. Nd4 a4 24. Bg2 Nd5 25. c4 Ndf4 26. Bf1 Rc8 27. c6 bxc6 28. Nxc6 Bxb2 29. Kxb2 Ne6 30. f4 Nc5 31. Rd4 Kf8 32. Rd5 Ne4 33. f5 Nh4 34. Bd3 Nf2 35. Kc3 Nxh3 36. Rd6 Nf4 37. b6 Nxd3 38. b7 1-0

[Event "St Petersburg Spring op"]
[Site "St Petersburg"]
[Date "2012.03.27"]
[Round "6"]
[White "Nedostup, Daniil"]
[Black "Nikiforov, Vyacheslav"]
[Result "1-0"]
[WhiteElo "2154"]
[BlackElo "1867"]
[PlyCount "57"]
[EventDate "2012.03.22"]
[EventType "swiss"]
[EventRounds "9"]
[EventCountry "RUS"]
[SourceTitle "EXT 2013"]
[Source "ChessBase"]
[SourceDate "2012.11.22"]
[SourceVersion "1"]
[SourceVersionDate "2012.11.22"]
[SourceQuality "1"]

1. e4 c5 2. Nc3 e6 3. g3 b6 4. Bg2 Bb7 5. d3 Nc6 6. Nge2 Nge7 7. 0-0 Ng6 8. f4 Be7 9. Be3 0-0 10. h4 Re8 11. h5 Nf8 12. Qd2 d6 13. g4 e5 14. f5 h6 15. Nd5 f6 16. Kh2 Kh7 17. Ng1 a5 18. Nf3 Nd4 19. Nh4 Bxd5 20. exd5 Nb5 21. Be4 Nd7 22. Rf3 Rg8 23. g5 Bf8 24. Rg1 Rh8 25. gxh6 gxh6 26. Rg6 Bg7 27. Bxh6 Rg8 28. Bxg7 Rxg7 29. Qh6+ 1-0

[Event "Chigorin Memorial 19th"]
[Site "St Petersburg"]
[Date "2011.10.21"]
[Round "8"]
[White "Nedostup, Daniil"]
[Black "Valov, Ilya"]
[Result "1/2-1/2"]
[WhiteElo "2075"]
[BlackElo "2234"]
[PlyCount "80"]
[EventDate "2011.10.14"]
[EventType "swiss"]
[EventRounds "9"]
[EventCountry "RUS"]
[SourceTitle "CBM 144 Extra"]
[Source "ChessBase"]
[SourceDate "2011.10.28"]
[SourceVersion "1"]
[SourceVersionDate "2011.10.28"]
[SourceQuality "1"]

1. e4 c5 2. Nc3 Nc6 3. g3 g6 4. Bg2 Bg7 5. d3 d6 6. Be3 Nf6 7. h3 Rb8 8. Qd2 b5 9. f4 e5 10. f5 Nh5 11. Nce2 Nd4 12. c3 Nxe2 13. Nxe2 Bf6 14. 0-0 g5 15. Bf3 Ng7 16. d4 cxd4 17. cxd4 0-0 18. h4 h6 19. Kg2 d5 20. dxe5 dxe4 21. Bxe4 Qxd2 22. Bxd2 Bxe5 23. hxg5 hxg5 24. Bxg5 Bxb2 25. Rab1 Re8 26. Rxb2 Rxe4 27. Bf4 Rb6 28. g4 b4 29. Rd1 Ba6 30. Kf3 Re8 31. Nd4 Bb7+ 32. Kg3 Rc8 33. Re2 Ne8 34. g5 Ng7 35. Kg4 Rc3 36. Rde1 Rd3 37. Rd2 Rxd2 38. Bxd2 Rd6 39. Be3 Bc8 40. Rc1 Bd7 1/2-1/2

[Event "Chigorin Memorial 19th"]
[Site "St Petersburg"]
[Date "2011.10.19"]
[Round "6"]
[White "Goganov, Aleksey"]
[Black "Nedostup, Daniil"]
[Result "1-0"]
[WhiteElo "2500"]
[BlackElo "2075"]
[PlyCount "95"]
[EventDate "2011.10.14"]
[EventType "swiss"]
[EventRounds "9"]
[EventCountry "RUS"]
[SourceTitle "CBM 144 Extra"]
[Source "ChessBase"]
[SourceDate "2011.10.28"]
[SourceVersion "1"]
[SourceVersionDate "2011.10.28"]
[SourceQuality "1"]

1. d4 f5 2. g3 Nf6 3. Bg2 g6 4. Nf3 Bg7 5. 0-0 d6 6. c4 0-0 7. Nc3 Qe8 8. d5 Na6 9. Rb1 Nc5 10. b4 Nfe4 11. Nb5 Na6 12. Bb2 Bxb2 13. Rxb2 c6 14. dxc6 bxc6 15. Nd2 cxb5 16. Nxe4 Rb8 17. cxb5 Qxb5 18. Ng5 Qe5 19. Qd5+ Qxd5 20. Bxd5+ Kg7 21. a3 Nc7 22. Bg2 h6 23. Nf3 Ne6 24. Rc1 Ba6 25. Rbc2 Kf6 26. e3 Rfc8 27. Nd2 Rxc2 28. Rxc2 Rc8 29. Rxc8 Bxc8 30. Nb3 Nc7 31. a4 Bd7 32. b5 e5 33. Kf1 e4 34. Ke1 Nd5 35. Kd2 Nb6 36. a5 Nc4+ 37. Kc3 d5 38. Kb4 Ne5 39. Bf1 Ke7 40. Kc5 Kd8 41. Kxd5 Ng4 42. Kd6 Nxf2 43. Nc5 Bc8 44. b6 axb6 45. axb6 Ng4 46. Bb5 Nxe3 47. Ne6+ Bxe6 48. b7 1-0

[Event "St Petersburg Botvinnik 100 op"]
[Site "St Petersburg"]
[Date "2011.08.12"]
[Round "1"]
[White "Nedostup, Daniil"]
[Black "Bulanov, Dmitri"]
[Result "0-1"]
[WhiteElo "2033"]
[BlackElo "2379"]
[PlyCount "70"]
[EventDate "2011.08.12"]
[EventType "swiss"]
[EventRounds "9"]
[EventCountry "RUS"]
[SourceTitle "CBM 143 Extra"]
[Source "ChessBase"]
[SourceDate "2011.08.29"]
[SourceVersion "1"]
[SourceVersionDate "2011.08.29"]
[SourceQuality "1"]

1. e4 c6 2. c4 d6 3. d4 e5 4. Nf3 Nd7 5. Nc3 Ngf6 6. Be2 Be7 7. 0-0 0-0 8. Qc2 Re8 9. Rd1 Qc7 10. Rb1 a5 11. a3 Nf8 12. h3 exd4 13. Nxd4 Ne6 14. Nf5 Bf8 15. Be3 Nc5 16. Ng3 a4 17. Bxc5 dxc5 18. Bf3 Qa5 19. Nce2 g6 20. Nf4 Bg7 21. Nd3 Nd7 22. Bg4 Nf8 23. Bxc8 Raxc8 24. Re1 Ne6 25. e5 Rcd8 26. Rbd1 Nd4 27. Qc1 Nb3 28. Qc2 f6 29. f4 fxe5 30. Nxe5 Nd4 31. Qf2 Qc7 32. Ne4 b6 33. h4 Rf8 34. Qg3 Ne2+ 35. Rxe2 Rxd1+ 0-1

[Event "Liptovsky Mikulas CupT U20"]
[Site "Liptovsky Mikulas"]
[Date "2011.06.28"]
[Round "8"]
[White "Premus, Jan"]
[Black "Nedostup, Daniil"]
[Result "0-1"]
[WhiteElo "2066"]
[BlackElo "2044"]
[PlyCount "72"]
[EventDate "2011.06.24"]
[EventType "team-tourn"]
[EventRounds "9"]
[EventCountry "SVK"]
[SourceTitle "CBM 143 Extra"]
[Source "ChessBase"]
[SourceDate "2011.08.29"]
[SourceVersion "1"]
[SourceVersionDate "2011.08.29"]
[SourceQuality "1"]
[WhiteTeam "Opava Slezan"]
[BlackTeam "St Petersburg U20"]
[WhiteTeamCountry "CZE"]
[BlackTeamCountry "RUS"]

1. e4 e6 2. d4 d5 3. e5 c5 4. Nf3 Nc6 5. Bd3 Qb6 6. 0-0 cxd4 7. Bf4 Qxb2 8. Nbd2 Qb6 9. Nb3 Bd7 10. Rb1 Qc7 11. Nbxd4 a6 12. c3 Nge7 13. Bg3 Ng6 14. Re1 Bc5 15. h4 Nge7 16. Nb3 Ba7 17. a4 h6 18. h5 0-0 19. Kh2 Rab8 20. Nh4 Na5 21. Bc2 Qxc3 22. Nxa5 Qxa5 23. Qd3 Nf5 24. Nxf5 exf5 25. e6 fxe6 26. Bxb8 Bxb8+ 27. Kg1 Rc8 28. Bb3 Rc3 29. Qd2 Qc7 30. g3 Ba7 31. Kh2 f4 32. Bxd5 fxg3+ 33. Kg2 gxf2 34. Bxe6+ Bxe6 35. Rxe6 Qg3+ 36. Kf1 Qh3+ 0-1

[Event "Liptovsky Mikulas CupT U20"]
[Site "Liptovsky Mikulas"]
[Date "2011.06.27"]
[Round "6"]
[White "Mraz, Ondrej"]
[Black "Nedostup, Daniil"]
[Result "1/2-1/2"]
[WhiteElo "1969"]
[BlackElo "2044"]
[PlyCount "41"]
[EventDate "2011.06.24"]
[EventType "team-tourn"]
[EventRounds "9"]
[EventCountry "SVK"]
[SourceTitle "CBM 143 Extra"]
[Source "ChessBase"]
[SourceDate "2011.08.29"]
[SourceVersion "1"]
[SourceVersionDate "2011.08.29"]
[SourceQuality "1"]
[WhiteTeam "Liptov Chess School II"]
[BlackTeam "St Petersburg U20"]
[WhiteTeamCountry "SVK"]
[BlackTeamCountry "RUS"]

1. e4 e6 2. d4 d5 3. Nd2 Be7 4. Bd3 Nf6 5. e5 Nfd7 6. Ne2 c5 7. c3 Nc6 8. 0-0 0-0 9. f4 f5 10. Nf3 Rb8 11. Kh1 Rf7 12. Be3 b5 13. Ng5 Bxg5 14. fxg5 Nf8 15. g4 c4 16. Bc2 g6 17. h4 Qb6 18. gxf5 exf5 19. Nf4 Qb7 20. Qf3 Ne7 21. a3 1/2-1/2